Autorzy lektur #2 - Statystyki

Ogólne statystyki
  • Ten quiz został rozwiązany 44 razy
  • Średni wynik to 9 z 15
Statystyki odpowiedzi
Tytuł Autor % Poprawnych
Konrad Wallenrod Adam Mickiewicz
93%
Lalka Bolesław Prus
88%
Hobbit, czyli tam i z powrotem J. R. R. Tolkien
83%
Kordian Juliusz Słowacki
81%
Pan Wołodyjowski Henryk Sienkiewicz
79%
Zbrodnia i kara Fiodor Dostojewski
76%
Chłopi Władysław Stanisław Reymont
76%
Nad Niemnem Eliza Orzeszkowa
74%
Harry Potter i kamień filozoficzny J. K. Rowling
74%
Ludzie bezdomni Stefan Żeromski
64%
Boska komedia Dante Alighieri
48%
Nana Emile Zola
19%
Pani Bovary Gustave Flaubert
19%
Emancypantki Bolesław Prus
17%
Karolcia Maria Krueger
5%
Nie znaleziono quizów pasujących do podanych kryteriów
Rozkład punktacji
Procent ludzi z każdym wynikiem
Percentyl według liczby udzielonych odpowiedzi
Twoja historia wyników
Nie rozwiązałeś tego quizu